| 000 | 00613nam a2200205Ia 4500 | ||
|---|---|---|---|
| 005 | 20250507130251.0 | ||
| 008 | 008 250505s9999 xx 000 0 eng d | ||
| 037 | _aSeries Article | ||
| 040 |
_aEASL _beng _cEASL |
||
| 041 |
_aeng _2eng |
||
| 084 | _qEASL | ||
| 100 | _aHoresh Niv | ||
| 245 | 0 | _aCoins turned round the world over? A critical analysis of the origins and trans mission of ancient metalic money | |
| 260 |
_aIndia _bNew delhi Sage Publications _c2011 |
||
| 300 | _a279-303 | ||
| 650 | _aChina | ||
| 700 |
_aKim Hyun Jin _9670357 |
||
| 942 | _cSRA | ||
| 999 |
_c1318664 _d1318664 |
||